The ruinous tendency of auctioneering, and the necessity of restraining it for the benefit of trade (Record no. 113608)

MARC details
000 -LEADER
fixed length control field 00614cam a22001695a 4500
001 - CONTROL NUMBER
control field L155496
008 - FIXED-LENGTH DATA ELEMENTS--GENERAL INFORMATION
fixed length control field 120326s1812 xxk f 000 0 eng d
035 ## - SYSTEM CONTROL NUMBER
System control number (Sirsi) u155496
041 0# - LANGUAGE CODE
Language code of text/sound track or separate title eng
245 04 - TITLE STATEMENT
Title The ruinous tendency of auctioneering, and the necessity of restraining it for the benefit of trade
Remainder of title demonstrated in a letter to the Right Hon. Lord Bathurst, president to the Board of Trade
260 ## - PUBLICATION, DISTRIBUTION, ETC.
Place of publication, distribution, etc. London
Name of publisher, distributor, etc. E. Wilson
Date of publication, distribution, etc. 1812
300 ## - PHYSICAL DESCRIPTION
Extent 51 p.
Dimensions 21 cm.
583 ## - ACTION NOTE
Action Condition reviewed
Time/date of action 20120620
Status condition level 2
651 #4 - SUBJECT ADDED ENTRY--GEOGRAPHIC NAME
Geographic name Great Britain
Chronological subdivision 1707-
690 ## - LOCAL SUBJECT ADDED ENTRY--TOPICAL TERM (OCLC, RLIN)
Topical term or geographic name as entry element Auctioneering
9 (RLIN) 6218
942 ## - ADDED ENTRY ELEMENTS (KOHA)
Suppress in OPAC 0
Holdings
Withdrawn status Lost status Source of classification or shelving scheme Damaged status Not for loan Home library Current library Shelving location Date acquired Total Checkouts Full call number Barcode Date last seen Copy number Price effective from Koha item type
    Dewey Decimal Classification     Historic collection Historic collection Historic collection 26/03/2012   OCTAVO 1812 RUINOUS 30075380 06/08/2019 1 06/08/2019 Book